00568nam a2200145Ia 4500100002300000942000700023654001200030245002400042260003000066082001500096546001200111999001700123952014700140952013500287 aLiyingston/ Brian  cBK aWindows aWindows 3.1 Secrets bGalgotiaaNew Delhic1993 a005.13 'w' aENGLISH c23555d23555 001040708CRCaCRCEbCRCEd2023-03-17eProgressive Booksg496.00i3079 dt 22.10.93l0o005.13 'w' p4945r2023-03-17v496.00w1993-10-22yBK 001040708CRCaCRCEbCRCEd2023-03-17eProgressive Booksg496.00i3079l0o005.13 'w' p4946r2023-03-17v496.00w2023-03-17yBK